LEADER 01195nam a2200313 i 4500 001 991000931319707536 008 050325s2005 de a b 001 0 eng d 020 $a3540238581 035 $ab13294891-39ule_inst 040 $aDip.to Matematica$beng 082 0 $a574 084 $aAMS 92C20 084 $aAMS 92C37 084 $aAMS 34C10 245 00$aTutorials in mathematical biosciences.$nI,$pmathematical neurosciences /$cAlla Borisyuk ... [et al.] 246 30$aMathematical neuroscience 260 $aBerlin :$bSpringer,$cc2005 300 $aix, 170 p. :$bill. ;$c24 cm 440 0$aLecture notes in mathematics,$x0075-8434 ;$v1860 504 $aIncludes bibliographical references and index 650 0$aNeural biology 650 0$aOscillation theory 700 1 $aBorisyuk, Alla$eauthor$4http://id.loc.gov/vocabulary/relators/aut$0600506 907 $a.b13294891$b10-07-14$c25-03-05 912 $a991000931319707536 945 $aLE013 92C BOR11 (2005)$g1$i2013000289304$lle013$op$pE49.95$q-$rl$s- $t0$u0$v0$w0$x0$y.i14051333$z14-04-05 996 $aTutorials in mathematical biosciences$91461200 997 $aUNISALENTO 998 $ale013$b25-03-05$cm$da $e-$feng$gde $h0$i0 LEADER 02047nas 2200409 n 450 001 990009042190403321 005 20240229084306.0 011 $a1578-7303 035 $a000904219 035 $aFED01000904219 035 $a(Aleph)000904219FED01 035 $a000904219 091 $2CNR$aP 00205368 100 $a20090724a20019999km-y0itaa50------ba 101 0 $amul 102 $aES 110 $aauu-------- 200 1 $aRevista de la Real Academia de Ciencias Exactas, Físicas y Naturales. Serie A, Matemáticas$e(Ed. impresa) 207 1$a2001- 210 $aMadrid$cReal Academia de Ciencias Exactas, Físicas y Naturales 326 $aSemestrale 431 0$1001000904217$12001$aRevista de la Real Academia de Ciencias Exactas, Físicas y Naturales 517 0 $aRACSAM. Real Academia de Ciencias. Serie A, Matemáticas (Ed. impresa) 530 0 $aRevista de la Real Academia de Ciencias Exactas, Físicas y Naturales. Serie A, Matemáticas 531 $aREV. R. ACAD. CIENC. EXACTAS FIS. NAT., SER. A MAT$bED. IMPR. 675 $a51 712 02$aReal Academia de Ciencias Exactas, Físicas y Naturales de Madrid 801 0$aIT$bACNP$c20090723 859 4 $uhttp://acnp.cib.unibo.it/cgi-ser/start/it/cnr/dc-p1.tcl?catno=2165106&person=false&language=ITALIANO&libr=&libr_th=unina1$zBiblioteche che possiedono il periodico 901 $aSE 912 $a990009042190403321 958 $aBiblioteca Centralizzata. Facoltà di Agraria dell'Università Federico II di Napoli$b2001-$fFAGBC 959 $aFAGBC 996 $aRevista de la Real Academia de Ciencias Exactas, Físicas y Naturales$9787692 997 $aUNINA AP1 8 $6866-01$aNA087 Biblioteca Centralizzata. Facoltà di Agraria dell'Università Federico II di Napoli$ev. Università, 100 Palazzo Reale, 80055 Portici (NA)$m081-2539322$m081-7760229$nit AP2 40$aacnp.cib.unibo.it$nACNP Italian Union Catalogue of Serials$uhttp://acnp.cib.unibo.it/cgi-ser/start/it/cnr/df-p.tcl?catno=2165106&language=ITALIANO&libr=&person=&B=1&libr_th=unina&proposto=NO